Basic Hydraulics (Record no. 544351)

000 -LEADER
fixed length control field 00472nam a2200169 a 4500
020 ## - INTERNATIONAL STANDARD BOOK NUMBER
International Standard Book Number 0408011122 (pbk)
082 ## - DEWEY DECIMAL CLASSIFICATION NUMBER
Classification number 532.004
Author Mark SMI
-- L-22, P46
100 1# - MAIN ENTRY--PERSONAL NAME
Personal name Smith, P. D.
9 (RLIN) 39969
245 1# - TITLE STATEMENT
Title Basic Hydraulics
260 ## - PUBLICATION, DISTRIBUTION, ETC.
Place of publication, distribution, etc. London :
Name of publisher, distributor, etc. Butterworth,
Date of publication, distribution, etc. 1982
300 ## - PHYSICAL DESCRIPTION
Extent 156p.
526 ## - STUDY PROGRAM INFORMATION NOTE
Program name 0
Interest level 0
Reading level 0
Title point value 532_004000000000000_SMI
526 ## - STUDY PROGRAM INFORMATION NOTE
Program name 0
Interest level 0
Reading level 0
Title point value 532_004000000000000_SMI
650 ## - SUBJECT ADDED ENTRY--TOPICAL TERM
Topical term or geographic name entry element Basic (Computer Programe Language )
9 (RLIN) 39970
650 ## - SUBJECT ADDED ENTRY--TOPICAL TERM
Topical term or geographic name entry element MCE
9 (RLIN) 379
942 ## - ADDED ENTRY ELEMENTS (KOHA)
Source of classification or shelving scheme
Koha item type Book
Holdings
Withdrawn status Lost status Source of classification or shelving scheme Damaged status Not for loan Permanent Location Current Location Date acquired Total Checkouts Full call number Barcode Date last seen Price effective from Koha item type
          Military College of Engineering (MCE) Military College of Engineering (MCE) 04/17/2014   532.004 SMI MCE-25561 04/17/2014 04/17/2014 Book
          Military College of Engineering (MCE) Military College of Engineering (MCE) 04/17/2014   532.004 SMI MCE-25541 04/17/2014 04/17/2014 Book
© 2023 Central Library, National University of Sciences and Technology. All Rights Reserved.